The global business environment : (رقم التسجيلة. 26202)

تفاصيل مارك
000 -الفاتح
حقل البيانات ثابتة الطول 02524cam a22003974a 4500
001 - رقم الضبط
رقم الضبط 16681689
003 - محدد رقم الضبط
رقم الضبط OSt
005 - وقت وتاريخ اخر تعامل مع التسجيلة
رقم الضبط 20150408114102.0
008 - عناصر البيانات ثابتة الطول - معلومات عامة
حقل البيانات ثابتة الطول 110307s2011 enkab b 001 0 eng
010 ## - رقم ضبط مكتبة الكونجرس
رقم ضبط مكتبة الكونجرس 2011008027
020 ## - الرقم الدولى المعيارى للكتب
الرقم الدولى المعيارى للكتاب 9780230210257 (pbk.)
020 ## - الرقم الدولى المعيارى للكتب
الرقم الدولى المعيارى للكتاب 0230210252 (pbk.)
035 ## - رقم ضبط النظام
رقم ضبط النظام (OCoLC)ocn430839352
040 ## - مصدر الفهرسة
وكالة الفهرسة الأصلية DLC
وكالة النسخ DLC
وكالة التعديل YDX
-- BTCTA
-- YDXCP
-- BWX
-- CDX
-- DLC
042 ## - رمز التحقق
رمز التحقق pcc
050 00 - رقم طلب مكتبة الكونجرس
رقم التصنيف HF1359
رقم المادة .M672 2011
082 00 - رقم تصنيف ديوى العشرى
رقم التصنيف 337
رقم الطبعة 22
رقم المادة M J G
100 1# - المدخل الرئيسى - إسم شخصى
الإسم الشخصى Morrison, Janet.
9 (RLIN) 17780
245 14 - بيان العنوان
العنوان The global business environment :
بقية العنوان meeting the challenges /
بيان المسئوليه,etc Janet Morrison.
250 ## - بيان الطبعة
بيان الطبعة 3rd ed.
260 ## - PUBLICATION, DISTRIBUTION, ETC. (IMPRINT)
مكان الناشر او الموزع Houndmills, Basingstoke, Hampshire ;
-- New York :
اسم الناشر او الموزع Palgrave Macmillan,
تاريخ النشر أو التوزيع 2011.
300 ## - الوصف المادى
التعداد xxx, 486 p. :
تفاصيل ماديه اخرى للوعاء ill. (some col.), col. maps ;
أبعاد الوعاء 25 cm.
500 ## - تبصرة عامة
تبصرة عامة Rev. ed. of: The international business environment / Janet Morrison. 2006.
504 ## - تبصرة ببليوجرافية
تبصرة ببليوجرافية,الخ Includes bibliographical references and indexes.
505 8# - تبصرة محتويات-الفهرس
تبصرة المحتويات المصاغة Machine generated contents note: -- Introduction -- PART I: THE BUSINESS IN THE GLOBAL ENVIRONMENT -- Introduction to the Business Enterprise -- Globalisation and the Business Environment -- PART II: ECONOMIES AND MARKETS -- National Economies in the Global Environment -- International Trade and Global Competition -- Strategies for Globalisation -- PART III: SOCIETIES IN THE INTERNATIONAL ENVIRONMENT -- Cultural and Social Environments -- Political Environments -- Legal Environments -- PART IV: GLOBAL ISSUES AND BUSINESS -- Financial Markets -- Technology and Innovation -- Ecology and Climate Change -- Ethics and Corporate Social Responsibility -- Conclusions: Globalisation Revisited.
520 ## - التبصرة الخاصة بالتعليق أو التلخيص
ملخص,الخ "This book offers an accessible and engaging introduction to the business environment, covering the economic, political, social, legal, cultural, technological and financial dimensions to provide a comprehensive overview of the global environment within which businesses operate"--
650 #0 - المدخل الاضافى بالموضوع-مصطلح موضوعى
مصطلح موضوعي أو اسم جغرافي كعنصر مدخل International economic relations.
9 (RLIN) 5913
650 #0 - المدخل الاضافى بالموضوع-مصطلح موضوعى
مصطلح موضوعي أو اسم جغرافي كعنصر مدخل International business enterprises.
650 #0 - المدخل الاضافى بالموضوع-مصطلح موضوعى
مصطلح موضوعي أو اسم جغرافي كعنصر مدخل International trade.
650 #0 - المدخل الاضافى بالموضوع-مصطلح موضوعى
مصطلح موضوعي أو اسم جغرافي كعنصر مدخل Globalization
التقسيم الفرعي العام Economic aspects.
9 (RLIN) 17781
650 #0 - المدخل الاضافى بالموضوع-مصطلح موضوعى
مصطلح موضوعي أو اسم جغرافي كعنصر مدخل Competition, International.
9 (RLIN) 17782
700 1# - المدخل الاضافى - اسم شخصى
الإسم الشخصى Morrison, Janet.
عنوان العمل International business environment.
9 (RLIN) 17783
856 42 - الوصول و الموقع الالكترونى
مواد محددة Cover image
معرف المصدر الموحد <a href="http://www.netread.com/jcusers/1388/2272662/image/lgcover.9780230210257.jpg">http://www.netread.com/jcusers/1388/2272662/image/lgcover.9780230210257.jpg</a>
942 ## - عناصر المدخل الإضافي( كوها)
مصدر التصنيف او مخطط الترفيف Dewey Decimal Classification
Koha [default] item type كتاب
المقتنيات
حالة الفقد نموذج السعر الفعال حالة تلف ليس للاعارة رقم الطلب تاريخ الاكتساب الموقع الحالي الباركود الفرع الرئيسي Date last seen نوع المادة فى نظام كوها مصدر التصنيف او خطة الترفيف Total Checkouts
  2013-03-10     337 M J G 2012-11-30 المكتبة المركزية بالمجمعة (CL) 07000000010331 المكتبة المركزية بالمجمعة (CL) 2013-03-10 كتاب Dewey Decimal Classification  
  2013-03-10     337 M J G 2012-11-30 المكتبة المركزية بالمجمعة (CL) 07000000010330 المكتبة المركزية بالمجمعة (CL) 2013-03-10 كتاب Dewey Decimal Classification